Effect of different storage conditions on the viability of seeds of Bambusa arundinacea (Record no. 45737)

MARC details
000 -LEADER
fixed length control field 00363nam a2200121Ia 4500
100 ## - MAIN ENTRY--AUTHOR NAME
Personal name Somen CK
245 #0 - TITLE STATEMENT
Title Effect of different storage conditions on the viability of seeds of Bambusa arundinacea
260 ## - PUBLICATION, DISTRIBUTION, ETC. (IMPRINT)
Name of publisher Seed Science and technology
Year of publication 1989
300 ## - PHYSICAL DESCRIPTION
Number of Pages 355-360
700 ## - ADDED ENTRY--PERSONAL NAME
Personal name Seethalakshmi KK
942 ## - ADDED ENTRY ELEMENTS (KOHA)
Koha item type Reprints
Holdings
Withdrawn status Lost status Damaged status Not for loan Home library Current library Date acquired Serial Enumeration / chronology Koha item type
      Reprints RRII Library RRII Library 22/12/2021 Volume 17, Issue Reprints